000
00306nam a2200121Ia 4500
008
190216s9999||||xx |||||||||||||| ||und||
100
_a
Kulkarni P V
245
0
_a
Corporation Finance Principles And Problems
260
_b
Shivlal Agarwala & Com
_c
1987
300
_a
1518p
650
_a
Commerce
942
_c
BK
999
_c
5386
_d
5386